Channel movement of meandering Indiana streams /

Bibliographic Details
Main Author: Daniel, James F.
Corporate Author: Indiana. Department of Natural Resources
Format: Government Document Book
Language:English
Published: Washington : U.S. Govt. Print. Off, 1971.
Series:Geological Survey professional paper ; 732-A.
Physiographic and hydraulic studies of rivers.
Subjects:

MARC

Tag First Indicator Second Indicator Subfields
LEADER 00000cam a2200000 4500
001 in00002782761
005 20150922151012.0
008 720310s1971 dcua b 000 0 eng
010 |a  74175750  
035 |a (OCoLC)ocm00277691 
035 |a (OCoLC)277691 
040 |a DLC  |b eng  |c DLC  |d BTCTA  |d GBVCP  |d UtOrBLW 
043 |a n-us-in 
049 |a TXAM 
050 0 0 |a GB565.I6  |b D3 
082 0 0 |a 551.4/83/09772 
084 |a 38.87  |2 bcl 
086 0 |a I 19.16:732-A 
100 1 |a Daniel, James F. 
245 1 0 |a Channel movement of meandering Indiana streams /  |c by James F. Daniel. 
264 1 |a Washington :  |b U.S. Govt. Print. Off,  |c 1971. 
300 |a iii, 18 pages :  |b illustrations ;  |c 29 cm. 
336 |a text  |b txt  |2 rdacontent 
337 |a unmediated  |b n  |2 rdamedia 
338 |a volume  |b nc  |2 rdacarrier 
490 1 |a Geological Survey professional paper 732-A. Physiographic and hydraulic studies of rivers 
500 |a "Prepared in cooperation with the State of Indiana Department of Natural Resources." 
504 |a Bibliography: pages 17-18. 
650 0 |a River channels  |z Indiana. 
650 0 |a Meandering rivers  |z Indiana. 
710 1 |a Indiana.  |b Department of Natural Resources. 
830 0 |a Geological Survey professional paper ;  |v 732-A. 
830 0 |a Physiographic and hydraulic studies of rivers. 
948 |a cataloged  |b h  |c 2012/11/27  |d c  |e mvaldespin  |f 12:06:41 pm 
994 |a C0  |b TXA 
999 |a MARS 
999 f f |s 533f8799-cae3-388a-9a83-71a317dcbedb  |i 3808c540-0336-3593-bab7-f2901f0086c3  |t 0 
952 f f |p normal  |a Texas A&M University  |b College Station  |c Sterling C. Evans Library  |d Evans: US Documents (Annex 5th floor)  |t 0  |e I 19.16:732-A  |h Superintendent of Documents classification  |i unmediated -- volume  |m A14839375609 
998 f f |a I 19.16:732-A  |t 0  |l Evans: US Documents (Annex 5th floor)